1988 1106 1071 1783 1767 1473 1418 1837 1679 1870 1440 1791 1386 1093 1200 1830 1289 1370 1584 1552 1052 1758 1581 1123 1022 1627 1792 1031 1187 1759 1433 1577 1524 1081 1100 1459 1659 1623 1812 1499 1740 1296 1544 1710 1454 1119 1055 1608 1643 1688 1324 1897 1363 1221 1266 1009 1846 1537 1634 1121 1715 1974 1937 1350 1271 1324 1185 1577 1740 1724 1519 1011 1038 1755 1795 1759 1115 1279 1313 1633 1668 1179 1176 1402 1555 1923 1860 1438 1482 1570 1068 1786 1061 1236 1695 1960 1825 1215 1897 BCNSPRNW ULIB Ver.6.0+V

เปลี่ยนเป็นภาษาไทย

Change to English
 แสดงรายละเอียดบรรณานุกรม
  กลับหน้าหลัก

Brief Record : Get Marc (ISO 2709) : E-mail record : QR code < ปิดหน้าต่าง
LEADER : 00000nam 2200000uu 4500
001    13399123161
003     ULIB
008    111208s2551||||th 000 0 tha d
020    ^a9789744467157
090    นว.^bภ653ส
100    ^aภูเตศวร
245    ^aสัญญาจากลาซา/^cรัศมีจันทร์
250    ^aพิมพ์ครั้งที่ 7
260    ^aกรุงเทพฯ :^bณ บ้านวรรณกรรม,^c2551
300    ^a388หน้า
710 1  ^aณ บ้านวรรณกรรม
945    ^p300^l0^i034419
995    ^aทศพร
999 ^a ทศพร
รายการนี้ยังไม่มีแท็ก
คุณยังไม่ได้ล็อกอิน คุณสามารถมีกิจกรรมร่วมกับเว็บไซต์ได้ แต่ต้องล็อกอินก่อน ::
  ล็อกอิน

รายการสื่อสารสนเทศ

ลำดับที่ ประเภท เลขเรียก/บาร์โค้ด สถานที่ สถานะ
1. นวนิยาย
นวนิยาย
นว. ภ653ส ฉ.1 
  Barcode: 034419
ห้องสมุดวิทยาเขตสวรรค์ประชารักษ์
►นวนิยาย
บนชั้น
  ขอยืม

BibComment


ยังไม่เคยถูกคอมเมนท์

คอมเมนท์ทรัพยากรรายการนี้
  คอมเมนท์: สัญญาจากลาซา รัศ..


 Copyright 2026. Bcnsprnw @Library